Complementary methods for research in education / (Record no. 20492)

000 -LEADER
fixed length control field 01041cam a2200289 a 4500
001 - CONTROL NUMBER
control field 2439755
005 - DATE AND TIME OF LATEST TRANSACTION
control field 20170119095759.0
008 - FIXED-LENGTH DATA ELEMENTS--GENERAL INFORMATION
fixed length control field 880120s1988 dcua b 000 0 eng
010 ## - LIBRARY OF CONGRESS CONTROL NUMBER
LC control number 88070121
020 ## - INTERNATIONAL STANDARD BOOK NUMBER
International Standard Book Number 0935302085 (pbk.)
020 ## - INTERNATIONAL STANDARD BOOK NUMBER
International Standard Book Number 0935302093
040 ## - CATALOGING SOURCE
Original cataloging agency DLC
Transcribing agency DLC
Modifying agency DLC
050 00 - LIBRARY OF CONGRESS CALL NUMBER
Classification number LB1028
Item number .C577 1988
082 00 - DEWEY DECIMAL CLASSIFICATION NUMBER
Classification number 370/.7/8
Edition number 19
245 00 - TITLE STATEMENT
Title Complementary methods for research in education /
Statement of responsibility, etc. edited by Richard M. Jaeger ; [contributors, Lee S. Shulman ... et al.].
260 ## - PUBLICATION, DISTRIBUTION, ETC. (IMPRINT)
Place of publication, distribution, etc. Washington, DC :
Name of publisher, distributor, etc. American Educational Research Association,
Date of publication, distribution, etc. c1988.
300 ## - PHYSICAL DESCRIPTION
Extent viii, 480 p. :
Other physical details ill. ;
Dimensions 23 cm.
504 ## - BIBLIOGRAPHY, ETC. NOTE
Bibliography, etc Includes bibliographies.
650 #0 - SUBJECT ADDED ENTRY--TOPICAL TERM
Topical term or geographic name as entry element Education
General subdivision Research.
700 1# - ADDED ENTRY--PERSONAL NAME
Personal name Jaeger, Richard M.
700 1# - ADDED ENTRY--PERSONAL NAME
Personal name Shulman, Lee S.
710 2# - ADDED ENTRY--CORPORATE NAME
Corporate name or jurisdiction name as entry element American Educational Research Association.
906 ## - LOCAL DATA ELEMENT F, LDF (RLIN)
a 7
b cbc
c orignew
d 2
e opcn
f 19
g y-gencatlg
942 ## - ADDED ENTRY ELEMENTS (KOHA)
Source of classification or shelving scheme
Koha item type Hard Covered Materials
Holdings
Withdrawn status Lost status Source of classification or shelving scheme Damaged status Not for loan Home library Current library Shelving location Date acquired Source of acquisition Total Checkouts Full call number Barcode Date last seen Price effective from Koha item type
          MACHAKOS UNIVERSITY LIBRARY MACHAKOS UNIVERSITY LIBRARY Technical section 19/01/2017 Donation (B.F.A)   LB1028 .C66 1988 30802 11/06/2018 19/01/2017 Hard Covered Materials
© Machakos University Library, Along The Highway, Machakos Wote Rd, Machakos, Kenya P.O. Box 136 - 90100 Machakos - Kenya

Tel: ( +254 ) 723 805829 OR Fax : 044-20353 OR Email: library@mksu.ac.ke